Statistics for AFL Statistical Leaders 2022 Season

Click here to take the quiz!

General Stats

  • This quiz has been taken 10 times
    (3 since last reset)
  • The average score is 18 of 25

Answer Stats

StatAvgTeamAnswer% Correct
Bounces5.4CarltonAdam Saad
100%
Turnovers6.7BulldogsBailey Smith
100%
Intercept Marks4.1North MelbourneBen McKay
100%
Goal Assists1.2MelbourneChristian Petracca
100%
Inside 50's6.5MelbourneChristian Petracca
100%
Contested Possesions17.8MelbourneClayton Oliver
100%
Clearances8.7MelbourneClayton Oliver
100%
Kicks19.5St KildaJack Sinclair
100%
Marks8.6HawthornJames Sicily
100%
Free Kicks For2.3CarltonPatrick Cripps
100%
AFL Fantasy Points120.4AdelaideRory Laird
100%
Disposals33AdelaideRory Laird
100%
Handballs18.8AdelaideRory Laird
100%
Uncontested Possesions21.3CarltonSam Walsh
100%
Clangers5.7West CoastTim Kelly
100%
Contested Marks3.3RichmondTom J. Lynch
100%
Goals3.3RichmondTom J. Lynch
100%
Hitouts47.9GoldcoastJarrod Witts
50%
Tackles9.5AdelaideSam Berry
50%
Time on Ground %98.8%St KildaCallum Wilkie
0%
Spoils10.1CarltonLewis Young
0%
One Percenters11.4CarltonLewis Young
0%
AFL Supercoach Points128.9Western BulldogsTim English
0%
Free Kicks Against2.6RichmondToby Nankervis
0%
Score Involvments8.7GeelongTom Hawkins
0%

Score Distribution

Percentile by Number Answered

Percent of People with Each Score

Your Score History

You have not taken this quiz since the last reset